SAT Vocab 6 - Statistics

General Stats
  • This quiz has been taken 46 times
  • The average score is 7 of 22
Answer Stats
Answer Hint % Correct
Laconic (adj) using few words
56%
Jettison (v) to throw overboard
50%
Jocular (adj) characterized by joking
50%
Laud (v) to praise
50%
Lithe (adj) limber; bending readily
50%
Intransigent (adj) refusing to compromise
38%
Invigorate (v) to energize
38%
Irascible (adj) easily angered
38%
Lionize (v) to treat as a celebrity
38%
Itinerant (adj) traveling from place to place
31%
Lampoon (n) a sharp of virulent satire directed against someone or something
31%
Lassitude (n) a state or feeling of weariness
31%
Pauper (n) a very poor person
31%
Congenial (adj) agreeable; pleasant in nature
25%
Irreverence (n) lack of respect
25%
Lament (v) to feel or express sorrow or regret for
25%
Levity (n) lightness of mind and character
25%
Listless (adj) spiritless; indifferent
19%
Coerce (v) to bring about by force
6%
Derogatory (adj) disparaging; belittling
6%
Litigious (adj) inclined to dispute or disagree
6%
Lofty (adj) arrogantly or condescendingly superior in manner
0%
No matching quizzes found
Score Distribution
Percent of People with Each Score
Percentile by Number Answered
Your Score History
You have not taken this quiz